£800m boost for deprived areas (Record no. 64933)

MARC details
000 -LEADER
fixed length control field 00968cam a2200205 4500
001 - CONTROL NUMBER
control field WB364033
008 - FIXED-LENGTH DATA ELEMENTS--GENERAL INFORMATION
fixed length control field 000000n2000 000 0 eng u
035 ## - SYSTEM CONTROL NUMBER
System control number (Sirsi) u108764
245 ## - TITLE STATEMENT
Title £800m boost for deprived areas
260 ## - PUBLICATION, DISTRIBUTION, ETC.
Date of publication, distribution, etc. 2000
490 ## - SERIES STATEMENT
Series statement DETR News Release
Volume/sequential designation (636) 10 October 2000, (2)
520 ## - SUMMARY, ETC.
Summary, etc. Government has launched the Neighbourhood Renewal Fund which will channel £800m to the country's most deprived areas. Allocation of the money will start next year and be spread over three years, with local authorities qualifying for grants only if they carry out regeneration schemes in partnership with local residents, organisations and businesses. The consultation document on the Neighbourhood Renewal Scheme is available at http://www.regeneration.detr.gov.uk/conindex.htm
590 ## - LOCAL NOTE (RLIN)
Local note WB
650 ## - SUBJECT ADDED ENTRY--TOPICAL TERM
Topical term or geographic name entry element NEIGHBOURHOOD RENEWAL FUND
650 ## - SUBJECT ADDED ENTRY--TOPICAL TERM
Topical term or geographic name entry element POVERTY
650 ## - SUBJECT ADDED ENTRY--TOPICAL TERM
Topical term or geographic name entry element DEPRIVATION
650 ## - SUBJECT ADDED ENTRY--TOPICAL TERM
Topical term or geographic name entry element AID
690 ## - LOCAL SUBJECT ADDED ENTRY--TOPICAL TERM (OCLC, RLIN)
Topical term or geographic name as entry element REGENERATION
942 ## - ADDED ENTRY ELEMENTS (KOHA)
Suppress in OPAC 0
Holdings
Withdrawn status Lost status Source of classification or shelving scheme Damaged status Not for loan Home library Current library Shelving location Date acquired Total Checkouts Full call number Barcode Date last seen Copy number Price effective from Koha item type
    Dewey Decimal Classification     London London News article 11/10/2000   WB364033 108764-1001 06/08/2019 1 06/08/2019 News article